Pierwsze 15 picków draftu NBA 2022 rok - Statystyki

Ogólne statystyki
  • Ten quiz został rozwiązany 113 razy
  • Średni wynik to 6 z 15
Statystyki odpowiedzi
Klub Zawodnik % Poprawnych
San Antonio Spurs Jeremy Sochan
93%
Orlando Magic Paolo Banchero
91%
Okc Thunder Chet Holmgren
69%
Houston Rockets Jabari Smith
53%
Detroit Pistons Jaden Ivey
45%
Sacramento Kings Keegan Murray
45%
Indiana Pacers Bennedict Mathurin
42%
Portland Trail Blazers Shaedon Sharpe
33%
Okc Thunder Jalen Williams
32%
Charlotte Hornets Mark Williams
32%
Charlotte Hornets Jalen Duren
16%
Washington Wizards Johnny Davis
16%
New Orleans Pelicans Dyson Daniels
15%
Cleveland Cavaliers Ochai Agbaji
6%
New York Knicks Ousmane Dieng
6%
Nie znaleziono quizów pasujących do podanych kryteriów
Rozkład punktacji
Procent ludzi z każdym wynikiem
Percentyl według liczby udzielonych odpowiedzi
Twoja historia wyników
Nie rozwiązałeś tego quizu